| 000 | 004460000a22001810004500 | ||
|---|---|---|---|
| 003 | MACL | ||
| 005 | 20160114131700.0 | ||
| 008 | 160114b xxu||||| |||| 00| 0 eng d | ||
| 040 |
_aMACL _cMACL |
||
| 041 | _aEnglish | ||
| 082 | _a954/MCD | ||
| 100 |
_aMcDonough, Sheila _932191 |
||
| 245 | _aGandhi's Responses To Islam | ||
| 260 |
_bD K Print World Ltd. _c1994 _aNew Delhi |
||
| 350 | _a140 | ||
| 650 |
_aHistory _932192 |
||
| 942 |
_cBK _k954 _2ddc |
||
| 999 |
_c2741 _d2741 |
||